Jasný kurz - ekonomická reforma Ukrajina

Prijatie kompetenčného zákona a realizácia ekonomickej reformy na Ukrajine. Zlé ekonomické ukazovatele - dedičstvo minulosti. Nástup nového prezidenta L. Kučmu - zelená pre obnovenie ekonomickej reformy. Doterajšia bilancia - problémy s privatizáciou, liberalizácia cien, liberalizácia vnútorného a z...

Ausführliche Beschreibung

Gespeichert in:
Bibliographische Detailangaben
1. Verfasser: Malachovská, A.
Format: Buchkapitel
Sprache:Tschechisch
Schlagworte:
Tags: Tag hinzufügen
Keine Tags, Fügen Sie das erste Tag hinzu!

MARC

LEADER 00000naa a2200000 4500
001 r017138
005 20221205101428.3
041 0 |a cze 
044 |a CZ 
245 1 0 |a Jasný kurz - ekonomická reforma  |b Ukrajina  |c A. Malachovská 
520 |a Prijatie kompetenčného zákona a realizácia ekonomickej reformy na Ukrajine. Zlé ekonomické ukazovatele - dedičstvo minulosti. Nástup nového prezidenta L. Kučmu - zelená pre obnovenie ekonomickej reformy. Doterajšia bilancia - problémy s privatizáciou, liberalizácia cien, liberalizácia vnútorného a zahraničného obchodu, problémy vidieka, problémy so zahraničnými investormi. Perspektívy ukrajinskej ekonomiky. 
610 2 0 |a reformy hospodárske 
610 2 0 |a privatizácia 
610 2 0 |a liberalizácia 
610 2 0 |a ceny 
610 2 0 |a obchod vnútorný 
610 2 0 |a obchod zahraničný 
610 2 0 |a vidiek 
610 2 0 |a investície zo zahraničia 
610 2 0 |a Ukrajina 
100 1 |a Malachovská, A.